| 000 | 00773nam a22002057a 4500 | ||
|---|---|---|---|
| 005 | 20180707175910.0 | ||
| 010 | _aB-226491 | ||
| 020 |
_a8175541237 _c250.00 |
||
| 035 | _aB-226491 | ||
| 037 | _bKogan Page India Private Limited | ||
| 082 | _a658.81 | ||
| 100 | _aWeymes, Pat | ||
| 245 |
_aCreating customers: _bhow to increase sales through non-technique selling _cPat Weymes |
||
| 260 |
_aNew Delhi _bKogan Page India Private Limited _c2007 |
||
| 270 |
_a4737/23 Ansari Rosd Daryaganj, New Delhi 110002 _bNew Delhi _e110002 |
||
| 300 |
_a247p. _c22cm(pb) |
||
| 500 | _aIt include index | ||
| 942 |
_2ddc _cEN _h658.81 _mWEY |
||
| 999 |
_c153604 _d153604 |
||